[Event "COL-ch U20"]
[Site "Cali"]
[Date "2024.03.01"]
[Round "4"]
[White "Salazar Yandun, Daniel Alexander"]
[Black "Campo Jimenez, David"]
[Result "1/2-1/2"]
[WhiteElo "1252"]
[BlackElo "1429"]
[PlyCount "41"]
[EventDate "2024.02.28"]
[EventType "swiss"]
[EventRounds "9"]
[EventCountry "COL"]
[SourceTitle "CB11_2024"]
[SourceDate "2024.03.13"]
[SourceVersion "1"]
[SourceVersionDate "2024.03.13"]
[SourceQuality "1"]

1. d4 Nf6 2. Nf3 d5 3. Bf4 c5 4. e3 Nc6 5. Nc3 a6 6. Be2 Bf5 7. a3 e6 8. 0-0 Rc8 9. Na4 cxd4 10. exd4 b5 11. Nc5 Bxc5 12. dxc5 Ne4 13. b4 0-0 14. Ne5 Nxe5 15. Bxe5 Qg5 16. f4 Qh4 17. Qe1 Qxe1 18. Rfxe1 f6 19. Bb2 Nd2 20. Bd3 Be4 21. Bc3 1/2-1/2

[Event "COL-ch U20"]
[Site "Cali"]
[Date "2024.02.29"]
[Round "2"]
[White "Varela Sanchez, David Yoel"]
[Black "Salazar Yandun, Daniel Alexander"]
[Result "1-0"]
[WhiteElo "1491"]
[BlackElo "1252"]
[PlyCount "57"]
[EventDate "2024.02.28"]
[EventType "swiss"]
[EventRounds "9"]
[EventCountry "COL"]
[SourceTitle "CB11_2024"]
[SourceDate "2024.03.13"]
[SourceVersion "1"]
[SourceVersionDate "2024.03.13"]
[SourceQuality "1"]

1. e4 e5 2. Nf3 Nc6 3. d4 exd4 4. Nxd4 Bc5 5. Nb3 Bb6 6. Nc3 Qf6 7. Qe2 Nge7 8. h4 Nd4 9. Nxd4 Bxd4 10. Bd2 c6 11. f3 d6 12. 0-0-0 b5 13. Bg5 Qe5 14. f4 Qc5 15. Bxe7 Kxe7 16. Rd3 Be6 17. Qd2 Bxc3 18. Rxc3 Qb6 19. f5 Bd7 20. Qg5+ Kf8 21. f6 g6 22. h5 Qf2 23. Rd3 Qe1+ 24. Rd1 Qxe4 25. hxg6 Qxg6 26. Qf4 Be8 27. Qxd6+ Kg8 28. Rh3 Qg5+ 29. Kb1 1-0